<?xml version="1.0" encoding="UTF-8"?>
<record
    xmlns:xsi="http://www.w3.org/2001/XMLSchema-instance"
    xsi:schemaLocation="http://www.loc.gov/MARC21/slim http://www.loc.gov/standards/marcxml/schema/MARC21slim.xsd"
    xmlns="http://www.loc.gov/MARC21/slim">

  <leader>00445nam a22001217a 4500</leader>
  <datafield tag="040" ind1=" " ind2=" ">
    <subfield code="c">HS</subfield>
  </datafield>
  <datafield tag="082" ind1=" " ind2=" ">
    <subfield code="a">657</subfield>
  </datafield>
  <datafield tag="100" ind1=" " ind2=" ">
    <subfield code="a">SAM GHANTHY </subfield>
  </datafield>
  <datafield tag="245" ind1=" " ind2=" ">
    <subfield code="a">Financial accounting part 1</subfield>
  </datafield>
  <datafield tag="260" ind1=" " ind2=" ">
    <subfield code="a">&#x179C;&#x17B7;&#x1791;&#x17D2;&#x1799;&#x17B6;&#x179F;&#x17D2;&#x1790;&#x17B6;&#x1793;&#x179F;&#x17C1;&#x178A;&#x17D2;&#x178B;&#x1780;&#x17B7;&#x1785;&#x17D2;&#x1785; &#x1793;&#x17B7;&#x1784;&#x17A0;&#x17B7;&#x179A;&#x1789;&#x17D2;&#x1789;&#x179C;&#x178F;&#x17D2;&#x1790;&#x17BB;&#x1793;&#x17C3;&#x1780;&#x17D2;&#x179A;&#x179F;&#x17BD;&#x1784;&#x179F;&#x17C1;&#x178A;&#x17D2;&#x178B;&#x1780;&#x17B7;&#x1785;&#x17D2;&#x1785; &#x1793;&#x17B7;&#x1784;&#x17A0;&#x17B7;&#x179A;&#x1789;&#x17D2;&#x1789;&#x179C;&#x178F;&#x17D2;&#x1790;&#x17BB;</subfield>
    <subfield code="b">SAM GHANTHY </subfield>
    <subfield code="c">2000</subfield>
  </datafield>
  <datafield tag="300" ind1=" " ind2=" ">
    <subfield code="a">69p;</subfield>
  </datafield>
  <datafield tag="942" ind1=" " ind2=" ">
    <subfield code="c">EK</subfield>
  </datafield>
  <datafield tag="999" ind1=" " ind2=" ">
    <subfield code="c">9716</subfield>
    <subfield code="d">9716</subfield>
  </datafield>
  <datafield tag="952" ind1=" " ind2=" ">
    <subfield code="0">0</subfield>
    <subfield code="1">0</subfield>
    <subfield code="4">0</subfield>
    <subfield code="6">657_000000000000000_SAM_2000_C63</subfield>
    <subfield code="7">0</subfield>
    <subfield code="9">51847</subfield>
    <subfield code="a">LBC</subfield>
    <subfield code="b">LBC</subfield>
    <subfield code="c">C063</subfield>
    <subfield code="d">2016-09-07</subfield>
    <subfield code="o">657 SAM 2000 C63</subfield>
    <subfield code="p">RUA042972</subfield>
    <subfield code="r">2016-09-07</subfield>
    <subfield code="y">EK</subfield>
  </datafield>
</record>
